LEADER 00982nam a2200229 i 4500 001 000000185162 003 CaOOAMICUS 005 20100128000000.0 008 100128s1908 fr u000 u fre u 013 $a163158 040 $aSeMil$bita 100 1 $aBarbier, Emmanuel <1851-1925>.$0(OLS)http://semarc/name/10336 245 10$aLes démocrates chrétiens et le modernisme :$bhistoire documentaire /$cl'abbé Emmanuel Barbier. 260 $aParis :$bP. Lethielleux,$c1908. 260 $aNancy :$bE. Drioton,$c1908. 300 $a424 p. ;$c19 cm. 650 4$aModernismo.$0(OLS)http://semarc/subject/674 850 $aSeMil 852 $aSeMil$W1$xVenegono$y1$m2X I 45$j135853$B135853$CSeMilBibl$Z2$F147407 $81 996 $6245$aLes démocrates chrétiens et le modernisme :$bhistoire documentaire$9(OLS)http://semarc/title/265979 996 $6260$aNancy :$bE. Drioton$9(OLS)http://semarc/publisher/49830 996 $6260$aParis :$bP. Lethielleux$9(OLS)http://semarc/publisher/32345 LEADER 01257nam a2200265 i 4500 001 000000122120 003 CaOOAMICUS 005 20040123000000.0 008 040123s1998 it u000 u ita u 013 $a94815 040 $aSeMil$bita 100 1 $aBellosi, Luciano <1936-2011>.$0(OLS)http://semarc/name/89806 245 13$aUn nuovo dipinto dell'Angelico /$cLuciano Bellosi, Aldo Galli. 260 $aTorino :$bAntichi Maestri Pittori,$cstampa 1998. 300 $a36 p. :$briccamente ill. ;$c32 cm. 500 $aEdito in occasione della mostra «Un nuovo dipinto dell'Angelico», Torino 24 ottobre - 19 dicembre 1998. - Fondo Card. C.M. Martini. 650 4$aBeato Angelico - Firenze - San Marco.$0(OLS)http://semarc/subject/25348 650 4$aArte - Pittura - Mostre.$0(OLS)http://semarc/subject/23145 700 1 $aGalli, Aldo.$0(OLS)http://semarc/name/50763 850 $aSeMil 852 $aSeMil$W1$xVenegono$y1$m5G X 18$j77143$B77143$CSeMilBibl$Z2$F78881 $81 941 1 $a4 961 $aOmaggio: Martini Card. Carlo Maria 996 $6245$aUn nuovo dipinto dell'Angelico$9(OLS)http://semarc/title/179936 996 $6260$aTorino :$bAntichi Maestri Pittori$9(OLS)http://semarc/publisher/46160